Educación : una incógnita en el cambio actual /

שמור ב:
מידע ביבליוגרפי
מחבר תאגידי: Forum Deusto ( Universidad de Deusto)
פורמט: Procedimiento de la conferencia ספר
שפה:ספרדית
יצא לאור: Bilbao, España : Universidad de Deusto, 1998, c1998
נושאים:
תגים: הוספת תג
אין תגיות, היה/י הראשונ/ה לתייג את הרשומה!

MARC

LEADER 00000nam^a2200000^a^4500
001 000147001
005 20250521000000.0
009 20260310095933.199
020 |a 84-7485-545-4 
037 |a Acervo ITESO - Biblioteca 
041 |a ESP 
082 |a 370. 1  |b FOR 1997 
111 |a Forum Deusto (  |d 1997 :  |c Universidad de Deusto) 
245 1 0 |a Educación :  |b una incógnita en el cambio actual /  |c Forum Deusto. 
264 4 |a Bilbao, España :  |b Universidad de Deusto,  |c 1998, c1998 
300 |a 251 p. 
336 |a texto  |b txt  |2 rdacontenido 
337 |a sin mediación  |b n  |2 rdamedio 
338 |a volumen  |b nc  |2 rdasoporte 
649 |a XX 
650 |a Educación -  |x Congresos 
650 |a Problemas Sociales 
650 |a Participación Social 
650 |a Democracia 
650 |a Metodología Educativa 
650 |a Evaluación Educativa 
650 |a Tecnologías de Comunicación e Información -  |z España 
650 |a Cambios Sociales y Culturales 
650 |a Educación Religiosa -  |z España 
650 |a Educación Militar -  |z España 
650 |a Educación Superior -  |z España 
650 |a Educación Formal -  |z País Vasco, España -  |x Historia -  |y Siglo XXI 
650 |a Educación y Trabajo 
650 |a Educación -  |x Teoría 
650 |a Sociología de la Educación 
910 |a Fondo General 
920 |a Impresos - Libros 
930 |a Colección General 
905 |a 101 
901 |a 0500075724  |b IT1  |c ACC  |u 20250521 
902 |a https://opac.biblio.iteso.mx/vufind/Record/000147001